| 000 | 00369nam a22001337a 4500 | ||
|---|---|---|---|
| 020 | _a978-93-5634-355-9 | ||
| 082 |
_a530 _bOSW/C |
||
| 100 | _aOSWAAL BOOKS | ||
| 245 | _aCBSE10 SAMPLE QUESTION PAPERS CLASS 12 PHYSICS | ||
| 260 |
_aAGRA _bOSWAAL BOOKS & LEARNNG PVT LTD _c2022 |
||
| 300 | _a168 | ||
| 650 |
_aPHYSICS SAMPLE QUESTION PAPERS FOR CLASS 12 _zINDIA |
||
| 942 | _cBK | ||
| 999 |
_c517 _d517 |
||